00334 2200145 4500245004500000250001100045100002500056650001600081650001700097005001900114260001800133041001400151084001400165336000900179 aAutobiograficMuhammad Azzam MalikhText aCet. 1 aMuhammad Azzam Malik aKarya Siswa aAutobiografi a20250520093524 aJakartac2025 aIndonesia a081 MUH a atext